| 000 | 01437cam a22003377a 4500 | ||
|---|---|---|---|
| 001 | 13635 | ||
| 003 | BD-RjUL | ||
| 005 | 20211208235504.0 | ||
| 008 | 140201s2009 enkab b 001 0 eng d | ||
| 020 | _a9780199238484 | ||
| 020 | _a0199238480 | ||
| 035 | _a(BD-RjUL)13687 | ||
| 040 |
_aBTCTA _cBD-RjUL _dBD-RjUL _dNLE _dDLC _beng |
||
| 041 | _aeng | ||
| 082 | 0 | 4 |
_a947.084 _222 _bLOS 2009 |
| 100 | 1 |
_aLovell, Stephen, _d1972- _942667 |
|
| 245 | 1 | 4 |
_aThe Soviet Union : _ba very short introduction / _cStephen Lovell. |
| 260 |
_aOxford ; _aNew York : _bOxford University Press, _cc2009. |
||
| 300 |
_axii, 151 p. : _bill., maps ; _c18 cm. |
||
| 490 | 0 |
_aVery short introductions ; _v207 |
|
| 504 | _aIncludes bibliographical references (p. 143-145) and index. | ||
| 505 | 0 | _aIntroduction : questions and approaches -- Future and past -- Coercion and participation -- Poverty and wealth -- Elite and masses -- Patriotism and multinationalism -- West and East -- Conclusion. | |
| 651 | 0 |
_aSoviet Union _xHistory. _942668 |
|
| 651 | 0 |
_aSoviet Union _xPolitics and government. _942669 |
|
| 651 | 0 |
_aSoviet Union _xSocial conditions. _924645 |
|
| 856 | 4 | 2 |
_3Contributor biographical information _uhttp://www.loc.gov/catdir/enhancements/fy1001/2009281846-b.html |
| 856 | 4 | 2 |
_3Publisher description _uhttp://www.loc.gov/catdir/enhancements/fy1001/2009281846-d.html |
| 942 |
_2ddc _cBK |
||
| 999 |
_c13635 _d13635 |
||